Ứng dụng số Stirling vào giải toán tổ hợp

Cơ sở lý thuyết; Số Stirling loại I và số Stirling loại II; Ứng dụng số Stirling vào giải toán tổ hợp...

Сохранить в:
Библиографические подробности
Главный автор: Nguyễn Xuân Trọng
Другие авторы: Trần Quốc Chiến PGS.TSKH (Hướng dẫn)
Формат:
Язык:Vietnamese
Опубликовано: Đà Nẵng Đại học Đà Nẵng 2013
Предметы:
Метки: Добавить метку
Нет меток, Требуется 1-ая метка записи!
Thư viện lưu trữ: Mạng thư viện Đại học Đà Nẵng
LEADER 01546nam a2200349 4500
001 000019214
003 15649
005 20140403090438.0
008 140403s2013 viesd
041 |a vie 
082 1 4 |a 511.6  |b NG-T 
100 |a Nguyễn Xuân Trọng 
245 |a Ứng dụng số Stirling vào giải toán tổ hợp  |c Nguyễn Xuân Trọng ; Trần Quốc Chiến hướng dẫn.  |k Luận văn Thạc sĩ 
260 |a Đà Nẵng  |b Đại học Đà Nẵng  |c 2013 
300 |a 52 tr., phụ lục 3 tr.  |c 29 cm.  |e Tóm tắt 
500 |a Luận văn thạc sĩ Khoa học. Chuyên ngành : phương pháp Toán sơ cấp. Mã số: 60.46.40. 
520 |a Cơ sở lý thuyết; Số Stirling loại I và số Stirling loại II; Ứng dụng số Stirling vào giải toán tổ hợp... 
650 0 4 |a Toán tổ hợp  |v Luận văn tốt nghiệp  |x Ứng dụng số Stirling 
653 |a Toán tổ hợp 
653 |a Phương pháp toán sơ cấp 
653 |a Số Stirling 
700 |a Trần Quốc Chiến  |c PGS.TSKH  |e Hướng dẫn 
OWN |a LSP 
AVA |a UDN50  |b LSP  |d 511.6 NG-T  |e available  |t Error 5001 Not defined in file expand_doc_bib_avail.  |f 1  |g 0  |h N  |i 0  |k 1 
999 |a From the UDN01 
AVA |a UDN50  |b LSP  |d 511.6 NG-T  |e available  |t Error 5001 Not defined in file expand_doc_bib_avail.  |f 1  |g 0  |h N  |i 0  |k 1 
TYP |a Monograph 
TYP |a Printed language 
980 |a Mạng thư viện Đại học Đà Nẵng